Insulating concrete formwork (ICF) (Record no. 112354)

MARC details
000 -LEADER
fixed length control field 01314cad a22002295a 4500
001 - CONTROL NUMBER
control field L153066
008 - FIXED-LENGTH DATA ELEMENTS--GENERAL INFORMATION
fixed length control field 110602s2010 xxk g 000 0 eng d
035 ## - SYSTEM CONTROL NUMBER
System control number (Sirsi) u153066
041 0# - LANGUAGE CODE
Language code of text/sound track or separate title eng
110 2# - MAIN ENTRY--CORPORATE NAME
Corporate name or jurisdiction name as entry element Richards Partington Architects
9 (RLIN) 5858
110 2# - MAIN ENTRY--CORPORATE NAME
Corporate name or jurisdiction name as entry element Concrete Centre
9 (RLIN) 5831
245 00 - TITLE STATEMENT
Title Insulating concrete formwork (ICF)
Medium [electronic resource]
260 ## - PUBLICATION, DISTRIBUTION, ETC.
Place of publication, distribution, etc. [S.l.]
Name of publisher, distributor, etc. NBS
Date of publication, distribution, etc. 2010
520 ## - SUMMARY, ETC.
Summary, etc. A guide with a chart for designers and builders who are familiar with the new Fabric Energy Efficiency Standard and now want to work up well-insulated and airtight solutions in ICF that anticipate the new requirements. It is concerned with the fabric of homes as defined in the new Standard and does not deal with energy supply, heating or mechanical ventilation. Thermal performance, thermal bridging, thermal bypass, airtightness, sequencing, ICF systems, construction issues.
590 ## - LOCAL NOTE (RLIN)
Local note KA
651 #4 - SUBJECT ADDED ENTRY--GEOGRAPHIC NAME
Geographic name United Kingdom
Chronological subdivision
690 ## - LOCAL SUBJECT ADDED ENTRY--TOPICAL TERM (OCLC, RLIN)
Topical term or geographic name as entry element BUILT ENVIRONMENT-SUSTAINABLE CONSTRUCTION
690 ## - LOCAL SUBJECT ADDED ENTRY--TOPICAL TERM (OCLC, RLIN)
Topical term or geographic name as entry element BUILT ENVIRONMENT-BUILDING MATERIALS-CEMENTITIOUS, CONCRETE AND MINERAL BOUND MATERIALS-CONCRETE
690 ## - LOCAL SUBJECT ADDED ENTRY--TOPICAL TERM (OCLC, RLIN)
Topical term or geographic name as entry element BUILDING AND CONSTRUCTION-ENERGY MANAGEMENT
856 40 - ELECTRONIC LOCATION AND ACCESS
Uniform Resource Identifier <a href="https://www.concretecentre.com/pdf/PublicationLibrary/ICF.pdf">https://www.concretecentre.com/pdf/PublicationLibrary/ICF.pdf</a>
Public note View the item free of charge at www.concretecentre.com
942 ## - ADDED ENTRY ELEMENTS (KOHA)
Suppress in OPAC 0
Holdings
Withdrawn status Lost status Source of classification or shelving scheme Damaged status Not for loan Home library Current library Shelving location Date acquired Total Checkouts Full call number Barcode Date last seen Copy number Price effective from Koha item type
    Dewey Decimal Classification     Virtual Virtual Online 02/06/2011   ONLINE PUBLICATION 153066-2001 06/08/2019 1 06/08/2019 Book